British Actresses - Statistics

General Stats
  • This quiz has been taken 77 times
    20 since last reset
  • The average score is 9 of 55
Answer Stats
Answer % Correct
Kate Winslet
74%
Maggie Smith
68%
Judi Dench
63%
Emily Blunt
53%
Emma Watson
53%
Emma Thompson
47%
Helen Mirren
47%
Felicity Jones
42%
Keira Knightley
42%
Olivia Colman
42%
Saoirse Ronan
42%
Helena Bonham carter
37%
Rachel Weisz
37%
Julie Andrews
32%
Imelda Staunton
26%
Rosamund Pike
26%
Carey Mulligan
21%
Tilda Swinton
21%
Kate Beckinsale
16%
Vanessa Redgrave
16%
Claire Foy
11%
Julie Walters
11%
Emilia Clarke
5%
Hayley Atwell
5%
janet Mcteer
5%
Jenna Coleman
5%
Joanna Lumley
5%
Kaya Scodelario
5%
Lily James
5%
Miranda richardson
5%
Alex Kingston
0%
Amanda Hale
0%
Barbara Marten
0%
Bella Ramsey
0%
Caitriona Balfe
0%
Gemma Arterton
0%
Harriet Walters
0%
Jodie Comer
0%
Jodie Whitaker
0%
Katie Mcgrath
0%
Laura Carmichael
0%
Lily Collins
0%
Lindsay Duncan
0%
Maisie Williams
0%
Michelle Dockery
0%
Michelle Gomez
0%
Minnie Driver
0%
Miriam Margoyles
0%
Naomi Harris
0%
Noami Watts
0%
Ophelia Lovibond
0%
Ruth Wilson
0%
Sheila hancock
0%
Sophie Turner
0%
Thandie Newton
0%
No matching quizzes found
Score Distribution
Percent of People with Each Score
Percentile by Number Answered
Your Score History
You have not taken this quiz since the last reset